00833nam a22001217a 4500008004100000020001800041050001700059100002500076245005200101260004100153300002400194505049300218140915b xxu||||| |||| 00| 0 eng d a9789988832974 aKRX,2790.K96 aAbdallah Ali-Nakyea. aGhana tax law premier. /cAli-Nankyea Abdallah. aAccra:bAgape Printing Press,c2008. axxiii,231p.:c24cm. aContents: Introduction: General principles and background taxation in Ghana -- Direct taxes: Imposition of tax on income -- Ascertainment of income in Ghana -- Basis of computing assessable and changeable income -- Imposition of tax on gifts and capital gains -- Tax avoidance and evasion -- Administration and and procedure:Tax administration -- International dimension: Double taxation agreements, reliefs and tax credits -- Indirect taxes: Basic principles of value added tax in Ghana.